000 01149nam a2200217Ia 4500
003 OSt
005 20241011161711.0
007 ca aa aaaaa
008 201103s9999 xx 000 0 und d
040 _cost
041 _aSSBUL
082 _223
_a၂၉၄.၃၄၃၅၀၉
_bS-SAT
100 0 _aဓမ္မာစာရ၊ အရှင်(အစိုးရဓမ္မာအရိယ)
_917308
245 1 0 _aစန္ဒကူးမွှေးထုံ-ဂန္ဓာရုံဟု အမည်ရသော ကျောင်းတော်ရာစေတီတော်သမိုင်း /
_cအရှင်ဓမ္မာစာရ(အစိုးရဓမ္မာစရိယ)။
260 _a[ပွင့်ဖြူ] ၊
_b[ထုတ်ဝေသူမပါ]၊
_c၁၉၇၈။
300 _a၁၃၇ စာမျက်နှာ ၊
_bပုံများ၊
_c၂၁ စင်တီ။
500 _aS-SAT: Dr. Sai Aung Tun
650 _aစေတီပုထိုး
_vသမိုင်း
_955057
650 _aကျောင်းတော်ရာစေတီတေ်
_vသမိုင်း
_955058
942 _2ddc
_cBK1
999 _c16684
_d16684